Sistema municipal chileno: desafíos y perspectivas para el siglo XXI. Actas de las XII Jornadas de Derecho Administrativo

Guardat en:
Dades bibliogràfiques
Autors principals: Huepe Artigas, Fabián Andrés (Autor), Santibáñez Yáñez, Francisco (Autor)
Format: Llibre
Idioma:espanyol
Publicat: Santiago Librotecnia 2017
Edició:1a. ed
Matèries:
Etiquetes: Afegir etiqueta
Sense etiquetes, Sigues el primer a etiquetar aquest registre!

MARC

LEADER 00000cam a2200000 a 4500
001 UCC1908
003 CL-VaPUC
005 20221216074158.0
008 171208e20170000cl 1 spa d
020 |a 9789563271652 
082 0 4 |a 342.8306  |b HUE  |2 21 
100 |a Huepe Artigas, Fabián Andrés  |e author  |9 792198 
700 1 |a Santibáñez Yáñez, Francisco  |e author  |9 622321 
245 1 0 |a Sistema municipal chileno: desafíos y perspectivas para el siglo XXI. Actas de las XII Jornadas de Derecho Administrativo 
250 |a 1a. ed 
260 |a Santiago  |b Librotecnia  |c 2017 
300 |a 317 p 
583 |a last modification  |c 20190909 09:44:42  |k Rodrigo Vera 
650 0 0 |a Administración del Estado  |9 391238 
650 0 0 |a Derecho administrativo chileno  |9 461009 
650 0 7 |a CONTROL ADMINISTRATIVO DEL ESTADO  |2 CL-VaPUC  |9 529872 
942 |c BK 
945 |a dcastane  |d 20171208 18:54:00 
546 |a En Español 
536 |a Universidad de Concepción 
518 |p Jornadas de Derecho Administrativo, 12, Concepción, 2015 
999 |c 384925  |d 384923 
952 |0 0  |1 0  |3 erd  |4 0  |6 342_830600000000000_HUE_2017  |7 0  |8 A  |9 507937  |a BIBDER  |b BIBDER  |i 5441005  |l 1  |o 342.8306 HUE 2017  |p 5441005  |r 2023-01-25  |s 2022-10-01  |w 2020-01-23  |y BK  |z Catalogado en:20171208  |k DER